000 00376nam a22001217a 4500
040 _cHS
082 _a338
100 _aសួស ចំណាន
245 _aការកិន និងប្រតិបត្តិការមុន និងក្រោយពេលប្រមូលផល
260 _aRUA
_bសួស ចំណាន
_c2011
300 _aNA
942 _cKB
999 _c9752
_d9752